000
00321nam a2200145Ia 4500
100
_a
Chopra/ Sunil/ Meindl/ Peter
942
_c
RB
654
_a
Management
245
_a
Supply Chain Management
260
_b
Pearson Edu
_a
Asia
_c
2001
082
_a
658.5
_b
CHO/MEI
300
_a
457
546
_a
ENGLISH
999
_c
34372
_d
34372